UBT Library

Calamities and disaster preparedness plan (Record no. 42932)

000 -LEADER
fixed length control field 00818nam a22002897a 4500
001 - CONTROL NUMBER
control field 12819065
005 - DATE AND TIME OF LATEST TRANSACTION
control field 20180220080646.0
007 - PHYSICAL DESCRIPTION FIXED FIELD--GENERAL INFORMATION
fixed length control field he|amb---bacp
007 - PHYSICAL DESCRIPTION FIXED FIELD--GENERAL INFORMATION
fixed length control field he|bmb---baap
008 - FIXED-LENGTH DATA ELEMENTS--GENERAL INFORMATION
fixed length control field 980604s1988 ph a b f000 0 eng
010 ## - LIBRARY OF CONGRESS CONTROL NUMBER
LC control number 97947007
025 ## - OVERSEAS ACQUISITION NUMBER
Overseas acquisition number Ph
035 ## - SYSTEM CONTROL NUMBER
System control number (DLC) 97947007
040 ## - CATALOGING SOURCE
Original cataloging agency DLC
Transcribing agency DLC
041 ## - LANGUAGE CODE
Language code of text/sound track or separate title eng
042 ## - AUTHENTICATION CODE
Authentication code lcode
043 ## - GEOGRAPHIC AREA CODE
Geographic area code a-ph---
080 ## - UNIVERSAL DECIMAL CLASSIFICATION NUMBER
Universal Decimal Classification number 611 HEN
082 ## - DEWEY DECIMAL CLASSIFICATION NUMBER
Edition number 611 HEN
100 ## - Rafti
Rafti 4
101 ## - Shkurtesa
Shkurtesa SHM
245 00 - TITLE STATEMENT
Title Calamities and disaster preparedness plan
533 ## - REPRODUCTION NOTE
Type of reproduction Microfiche.
Place of reproduction Jakarta :
Agency responsible for reproduction Library of Congress Office ;
Place of reproduction Washington, D.C. :
Agency responsible for reproduction Library of Congress Photoduplication Service,
Date of reproduction 1998.
Physical description of reproduction 2 microfiches ; 11 x 15 cm.
906 ## - LOCAL DATA ELEMENT F, LDF (RLIN)
a 7
b cbc
c origode
d 5
e ncip
f 19
g y-gencatlg
942 ## - ADDED ENTRY ELEMENTS (KOHA)
Source of classification or shelving scheme
Item type Books
Holdings
Withdrawn status Lost status Source of classification or shelving scheme Damaged status Not for loan Collection code Permanent location Current location Shelving location Date acquired Total Checkouts Full call number Barcode Date last seen Price effective from Koha item type
          Koleksioni i përgjithshem UBT - Lipjan UBT - Lipjan Koleksioni i përgjithshem 02/20/2018   721 HEN 002-2999375 02/20/2018 02/20/2018 Books
UBT Library © 2015-2024. All rights reserved University Education for Business and Technology